| 000 | 00437nam a22001577a 4500 | ||
|---|---|---|---|
| 003 | NUST - PNEC | ||
| 005 | 20170116181136.0 | ||
| 008 | 151007b xxu||||| |||| 00| 0 eng d | ||
| 020 | _a- | ||
| 040 | _cLIBRARY | ||
| 082 | _a954 UME | ||
| 100 |
_914282 _aUmer Muhammad |
||
| 245 |
_aHindustani tehzeeb ka musalmano par asar _cDr. Muhammad Umer |
||
| 650 |
_914286 _aHistory Hindo and Muslim calture in Urdu _xGeneral |
||
| 942 |
_2ddc _cBK |
||
| 999 |
_c70224 _d70224 |
||